| 000 | 00882cam a2200277 4500 | ||
|---|---|---|---|
| 001 | X113219 | ||
| 008 | 000000n2001 000 0 eng u | ||
| 035 | _a(Sirsi) u113219 | ||
| 100 | _aKhatri, M. | ||
| 245 | _aEconomics monitor | ||
| 260 | _c2001 | ||
| 490 |
_aRICS European Alert _vMay 2001, 6-7(2) |
||
| 520 | _aAn overview by the RICS Economics Unit of the economic situation and outlook in Europe focusing on the European Central Bank's concerns about inflation and reviewing economic indicators for Germany, France, Italy, Spain, Belgium and the Netherlands. Graph. | ||
| 650 | _aBELGIUM | ||
| 650 | _aECONOMIC FORECASTS | ||
| 650 | _aECONOMIC INDICATORS | ||
| 650 | _aECONOMY | ||
| 650 | _aFRANCE | ||
| 650 | _aGERMANY | ||
| 650 | _aITALY | ||
| 650 | _aSPAIN | ||
| 690 | _aECONOMIC ISSUES | ||
| 700 | _aEmmett, R. | ||
| 700 | _aHicks, F. | ||
| 942 | _n0 | ||
| 999 |
_c67428 _d67428 |
||